000 00733nam a22002057a 4500
005 20100910115526.0
010 _aB-421003
020 _a8188594032
_c250.00
035 _aB-421003
037 _bDBAD/Gift
082 _aS
100 _aTolstoy, Leo
_919392
245 _aTales for children /
_cby Leo Tolstoy; edited compiled by Reema Prashar
260 _aDelhi
_bMagpiee Publishers & Distributors
_c2007
300 _a244p. :
_c22cm. (Hb)
490 _aSilverbell children classics
_919393
650 _aTales
_xJuvenile literature
_919394
942 _2ddc
_cCH
_hS
_mTOL
999 _c45038
_d45038